000 00494nam a22001697a 4500
005 20251108164721.0
008 250721s1976 xx 000 0 ara d
082 1 4 _a812.95662/محم
100 1 _aالشرفي، محمد
245 1 0 _aالإنتظار لن يطول :
_bمسرحية شعرية /
264 1 _aصنعاء :
_bمطبعة العلم،
_c1976.
300 _a175ص
650 1 7 _aالمسرحيات العربية
650 1 7 _aاليمن
942 _2ddc
_cBK
999 _c12588
_d12588